[Event "Belt Road Women 2019"]
[Site "Shaoxing"]
[Date "2019.07.10"]
[Round "3.16"]
[White "Zhang, Yuxuan"]
[Black "Yan, Tianqi"]
[Result "0-1"]
[WhiteElo "1987"]
[BlackElo "2034"]
[Annotator "NA"]
[PlyCount "82"]
[EventDate "2019.07.08"]
[EventType "swiss"]
[EventCountry "CHN"]
[SourceTitle "playchess.com"]
[Source "ChessBase"]
[SourceQuality "1"]
[TimeControl "5400+30"]

1. e4 {[%emt 0:00:00]} c5 {[%emt 0:00:00]} 2. Nf3 {[%emt 0:00:00]} Nc6 {[%emt 0:00:00]} 3. d4 {[%emt 0:00:00]} cxd4 {[%emt 0:00:00]} 4. Nxd4 {[%emt 0:00:00]} Qc7 {[%emt 0:00:00]} 5. Nc3 {[%emt 0:01:14]} e6 {[%emt 0:00:07]} 6. Be3 {[%emt 0:00:05]} a6 {[%emt 0:00:07]} 7. Qd2 {[%emt 0:00:10]} Nf6 {[%emt 0:00:48]} 8. O-O-O {[%emt 0:00:20]} Bb4 {[%emt 0:03:52]} 9. f3 {[%emt 0:00:34]} d5 {[%emt 0:05:45]} 10. Bg5 {[%emt 0:05:51]} dxe4 {[%emt 0:04:45]} 11. Nxc6 {[%emt 0:01:12]} bxc6 {[%emt 0:00:10]} 12. Bxf6 {[%emt 0:00:38]} gxf6 {[%emt 0:00:08]} 13. Qd4 {[%emt 0:00:33]} Bxc3 {[%emt 0:04:25]} 14. Qxc3 {[%emt 0:00:32]} Qf4+ {[%emt 0:06:56]} 15. Kb1 {[%emt 0:00:11]} Bb7 {[%emt 0:01:51]} 16. fxe4 {[%emt 0:07:18]} Qe5 {[%emt 0:02:27]} 17. Qb4 {[%emt 0:02:47]} Rb8 {[%emt 0:01:04]} 18. b3 {[%emt 0:06:41]} c5 {[%emt 0:04:22]} 19. Qa4+ {[%emt 0:00:18]} Kf8 {[%emt 0:00:14]} 20. Rd7 {[%emt 0:04:25]} Qxe4 {[%emt 0:04:28]} 21. Qxe4 {[%emt 0:00:40]} Bxe4 {[%emt 0:00:04]} 22. Bxa6 {[%emt 0:00:14]} Rg8 {[%emt 0:03:48]} 23. Bf1 {[%emt 0:02:39]} f5 {[%emt 0:06:13]} 24. Rc7 {[%emt 0:07:50]} f4 {[%emt 0:02:28]} 25. Bd3 {[%emt 0:07:17]} Bxg2 {[%emt 0:03:44]} 26. Rg1 {[%emt 0:03:46]} Rd8 {[%emt 0:04:57]} 27. Rxc5 {[%emt 0:03:43]} f3 {[%emt 0:01:19]} 28. Bc4 {[%emt 0:00:41]} f2 {[%emt 0:08:13]} 29. Rc1 {[%emt 0:00:09]} Bf3 {[%emt 0:01:03]} 30. Bf1 {[%emt 0:01:06]} Rg1 {[%emt 0:00:56]} 31. Kb2 {[%emt 0:04:16]} Bd1 {[%emt 0:01:01]} 32. Bc4 {[%emt 0:00:19]} f1=Q {[%emt 0:00:42]} 33. Bxf1 {[%emt 0:00:05]} Rxf1 {[%emt 0:00:04]} 34. a4 {[%emt 0:00:08]} f5 {[%emt 0:02:55]} 35. a5 {[%emt 0:02:53]} f4 {[%emt 0:01:52]} 36. a6 {[%emt 0:02:22]} Ra8 {[%emt 0:01:12]} 37. Rc4 {[%emt 0:01:24]} e5 {[%emt 0:03:02]} 38. Re4 {[%emt 0:00:52]} Rxa6 {[%emt 0:01:16]} 39. Rxe5 {[%emt 0:00:04]} Rf6 {[%emt 0:00:14]} 40. Kc3 {[%emt 0:00:43]} f3 {[%emt 0:00:20]} 41. Kd2 {[%emt 0:00:47]} f2 {[%emt 0:00:30]} 0-1

[Event "Belt Road Women 2019"]
[Site "Shaoxing"]
[Date "2019.07.10"]
[Round "3.17"]
[White "Peng, Tianlu"]
[Black "Bai, Xue"]
[Result "0-1"]
[WhiteElo "1901"]
[BlackElo "2029"]
[Annotator "NA"]
[PlyCount "86"]
[EventDate "2019.07.08"]
[EventType "swiss"]
[EventCountry "CHN"]
[SourceTitle "playchess.com"]
[Source "ChessBase"]
[SourceQuality "1"]
[TimeControl "5400+30"]

1. Nf3 {[%emt 0:00:00]} Nf6 {[%emt 0:00:00]} 2. g3 {[%emt 0:00:02]} e6 {[%emt 0:00:00]} 3. Bg2 {[%emt 0:00:11]} d5 {[%emt 0:00:00]} 4. c4 {[%emt 0:00:10]} b6 {[%emt 0:00:52]} 5. O-O {[%emt 0:00:23]} Bb7 {[%emt 0:00:17]} 6. b3 {[%emt 0:00:23]} Be7 {[%emt 0:00:10]} 7. Bb2 {[%emt 0:00:20]} O-O {[%emt 0:02:08]} 8. e3 {[%emt 0:00:42]} Nbd7 {[%emt 0:02:33]} 9. cxd5 {[%emt 0:02:15]} exd5 {[%emt 0:00:46]} 10. d4 {[%emt 0:01:10]} Re8 {[%emt 0:04:28]} 11. Nc3 {[%emt 0:01:07]} Bd6 {[%emt 0:03:53]} 12. Rc1 {[%emt 0:02:01]} a6 {[%emt 0:03:23]} 13. Ne2 {[%emt 0:04:58]} Rc8 {[%emt 0:08:28]} 14. Nf4 {[%emt 0:02:11]} Qe7 {[%emt 0:09:29]} 15. Rc2 {[%emt 0:05:07]} Ne4 {[%emt 0:03:55]} 16. Bh3 {[%emt 0:09:30]} Rcd8 {[%emt 0:05:04]} 17. Qa1 {[%emt 0:02:53]} Ng5 {[%emt 0:01:58]} 18. Bg2 {[%emt 0:01:46]} Nxf3+ {[%emt 0:03:13]} 19. Bxf3 {[%emt 0:00:12]} Nf6 {[%emt 0:00:08]} 20. Qc1 {[%emt 0:02:53]} Ne4 {[%emt 0:01:40]} 21. Nd3 {[%emt 0:03:27]} g6 {[%emt 0:03:22]} 22. b4 {[%emt 0:05:42]} h5 {[%emt 0:04:02]} 23. Nc5 {[%emt 0:06:16]} bxc5 {[%emt 0:01:06]} 24. bxc5 {[%emt 0:00:11]} Bxg3 {[%emt 0:00:16]} 25. fxg3 {[%emt 0:05:45]} Bc6 {[%emt 0:01:43]} 26. Re1 {[%emt 0:03:52]} Qg5 {[%emt 0:03:32]} 27. Rg2 {[%emt 0:01:12]} Qf6 {[%emt 0:04:37]} 28. Qd1 {[%emt 0:02:05]} Ng5 {[%emt 0:01:22]} 29. Rf1 {[%emt 0:01:41]} Rxe3 {[%emt 0:08:20]} 30. Bxh5 {[%emt 0:06:50]} Qe7 {[%emt 0:00:20]} 31. Bg4 {[%emt 0:01:39]} Bb5 {[%emt 0:00:56]} 32. Rgf2 {[%emt 0:10:15]} Bxf1 {[%emt 0:01:39]} 33. Rxf1 {[%emt 0:00:05]} f5 {[%emt 0:01:44]} 34. Bxf5 {[%emt 0:08:16]} gxf5 {[%emt 0:00:12]} 35. Qh5 {[%emt 0:05:00]} Re1 {[%emt 0:07:08]} 36. Qg6+ {[%emt 0:01:55]} Kh8 {[%emt 0:01:53]} 37. Qh6+ {[%emt 0:00:33]} Nh7 {[%emt 0:01:11]} 38. Bc1 {[%emt 0:01:01]} Qe2 {[%emt 0:00:32]} 39. Rxe1 {[%emt 0:00:31]} Qxe1+ {[%emt 0:00:02]} 40. Kg2 {[%emt 0:00:11]} Re8 {[%emt 0:00:33]} 41. Bf4 {[%emt 0:00:43]} Re2+ {[%emt 0:00:16]} 42. Kh3 {[%emt 0:00:14]} Qf1+ {[%emt 0:00:08]} 43. Kh4 {[%emt 0:00:32]} Rxh2# {[%emt 0:00:06]} 0-1

[Event "Belt Road Women 2019"]
[Site "Shaoxing"]
[Date "2019.07.11"]
[Round "4.1"]
[White "Tokhirjonova, Gulrukhbegim"]
[Black "Stefanova, Antoaneta"]
[Result "0-1"]
[WhiteElo "2422"]
[BlackElo "2474"]
[Annotator "TA"]
[PlyCount "78"]
[EventDate "2019.07.08"]
[EventType "swiss"]
[EventCountry "CHN"]
[SourceTitle "playchess.com"]
[Source "ChessBase"]
[SourceQuality "1"]

{[%evp 10,78,15,12,16,27,22,19,13,0,0,-3,47,14,46,42,53,53,50,0,0,0,0,14,21,25,22,10,8,8,4,0,0,-18,-15,-85,-83,-85,-71,-83,-31,-172,-157,-197,-178,-249,-233,-248,-236,-245,-250,-248,-244,-365,-169,-367,-183,-204,-144,-242,-26,-170,-147,-167,-131,-292,-281,-29987,-29988,-29998,-29999]} 1. e4 c6 2. d4 d5 3. e5 Bf5 4. Nd2 e6 5. Nb3 Nd7 6. Nf3 Ne7 {B12: Caro-Kann: Advance Variation} 7. Be2 Bg6 (7... h6 8. a4 Qc7 9. O-O g5 10. a5 O-O-O 11. Bd2 a6 12. c4 dxc4 13. Bxc4 Nd5 14. Qe2 {0-1 (38) Movsesian,S (2629)-Shankland,S (2725) chess.com INT 2019}) 8. Nh4 Nf5 {The position is equal.} 9. Nxg6 hxg6 10. O-O g5 $146 (10... Qc7 {keeps more tension.} 11. f4 c5 12. c3 c4 13. g4 Nh4) ({Predecessor:} 10... Be7 11. c3 O-O 12. Re1 c5 13. Bg4 Nh6 14. Bf3 cxd4 15. cxd4 Rc8 16. Bf4 {½-½ (29) Hellman,L (1438)-Hansen,M (1576) IECC email 1999}) 11. a4 {[%cal Ba2a4,Ba4a5][%mdl 32]} Be7 12. a5 Kf8 13. Bd3 g6 14. f4 (14. g4 {with more complications.} Nh4 15. f4 Kg8 16. fxg5 Bxg5 17. c3) 14... c5 15. fxg5 Bxg5 16. Bxf5 gxf5 17. Nxc5 Nxc5 18. dxc5 Bxc1 19. Qxc1 Qc7 $1 20. Qe3 Rh4 $1 21. Rf3 Rc8 22. Qg5 (22. a6 $11 {keeps the balance.}) 22... Qxc5+ $17 23. Kh1 Qe7 24. Qd2 Rcc4 (24... a6 $17) 25. Raa3 (25. h3 $15) 25... Qc7 $19 26. Qg5 Qxe5 {[%csl Gh4][%cal Re5h2]} 27. Qd8+ {[#]} (27. h3 $142 f6 28. Qd2) 27... Kg7 $1 {[%csl Gh4][%cal Re5h2]} 28. h3 {[#]} Rh6 $1 ({Less strong is} 28... Qe1+ 29. Kh2 $15) 29. Rg3+ Rg4 $1 {[%cal Rg4g3]} 30. Rae3 Qxb2 $40 {[%mdl 128] White is in trouble.} 31. c3 (31. Qc7 {was called for.}) 31... Qf2 (31... Qc1+ $142 32. Kh2 Rhg6 33. Rxg4 fxg4) 32. Ref3 $2 (32. Qb8) 32... Qe1+ (32... Qxg3 $142 33. Rxg3 Rxg3) 33. Kh2 Rgg6 {Threatens to win with ...f4!} 34. Qc7 (34. Qb8 $17 {was worth a try.}) 34... Qe4 $2 ({Better is} 34... Rxg3 $19 35. Rxg3+ Rg6 36. Rxg6+ Kxg6 37. Qxb7 Qe5+ 38. Kg1 d4 39. cxd4 Qxd4+ 40. Kh1 Qa1+ 41. Kh2 Qe5+ 42. Kh1 Qxa5) 35. Re3 (35. Qxb7 $11 {and White is okay.} Rxg3 36. Rxg3+ Rg6 37. Rxg6+ Kxg6 38. Qxa7) 35... Qh4 36. Rgf3 a6 37. Qxb7 $2 (37. Re2 $17) 37... f4 {Strongly threatening ...Qg4.} 38. Re5 $2 (38. Rd3 $19) 38... Rg3 39. Rf1 {[#]} Qxh3+ $1 {[%mdl 576] Demolition. Accuracy: White = 27%, Black = 46%.} 0-1

[Event "Belt Road Women 2019"]
[Site "Shaoxing"]
[Date "2019.07.11"]
[Round "4.2"]
[White "Munguntuul, Batkhuyag"]
[Black "Zhu, Jiner"]
[Result "1/2-1/2"]
[WhiteElo "2412"]
[BlackElo "2454"]
[Annotator "RC"]
[PlyCount "105"]
[EventDate "2019.07.08"]
[EventType "swiss"]
[EventCountry "CHN"]
[TimeControl "5400+30"]

1. e4 {[%emt 0:00:00]} c5 {[%emt 0:00:00]} 2. Nf3 {[%emt 0:00:24]} d6 {[%emt 0:00:10]} 3. d4 {[%emt 0:00:04]} cxd4 {[%emt 0:00:05]} 4. Nxd4 {[%emt 0:00:08]} Nf6 {[%emt 0:00:05]} 5. Nc3 {[%emt 0:00:02]} a6 {[%emt 0:00:06]} 6. Be2 {[%emt 0:00:07]} e6 {[%emt 0:00:06]} 7. Be3 {[%emt 0:00:08]} Be7 {[%emt 0:00:38]} 8. Qd2 {[%emt 0:01:49]} b5 {[%emt 0:01:55]} 9. a3 {[%emt 0:03:20]} Bb7 {[%emt 0:00:12]} 10. f3 {[%emt 0:00:07]} Nbd7 {[%emt 0:02:10]} 11. g4 {[%emt 0:10:56]} Nb6 {[%emt 0:04:07]} 12. O-O-O {[%emt 0:05:23]} Rc8 {[%emt 0:00:50]} 13. h4 {[%emt 0:07:13]} Nfd7 {[%emt 0:04:18]} 14. Bg5 {[%emt 0:05:00]} Ne5 {[%emt 0:06:55]} 15. Bxe7 {[%emt 0:04:59]} Qxe7 {[%emt 0:00:08]} 16. f4 {[%emt 0:02:49]} Nec4 {[%emt 0:02:21]} 17. Bxc4 {[%emt 0:00:23]} Nxc4 {[%emt 0:03:52]} 18. Qd3 {[%emt 0:00:28]} Qc7 {[%emt 0:03:14]} 19. f5 {[%emt 0:08:08]} e5 {[%emt 0:00:57]} 20. Nb3 {[%emt 0:18:58]} Nxa3 {[%emt 0:15:10]} 21. f6 {[%emt 0:06:34]} gxf6 {[%emt 0:02:44]} 22. Qxd6 {[%emt 0:00:48]} Qxd6 {[%emt 0:00:27]} 23. Rxd6 {[%emt 0:00:02]} Nxc2 {[%emt 0:01:43]} 24. Na5 {[%emt 0:01:37]} Ba8 {[%emt 0:00:19]} 25. Rxf6 {[%emt 0:01:43]} b4 {[%emt 0:10:56]} 26. Nd5 {[%emt 0:00:50]} Ne3+ {[%emt 0:03:38]} 27. Kd2 {[%emt 0:06:15]} Nxd5 {[%emt 0:00:17]} 28. exd5 {[%emt 0:00:02]} Bxd5 {[%emt 0:00:10]} 29. Re1 {[%emt 0:00:05]} Be6 {[%emt 0:01:12]} 30. Rxe5 {[%emt 0:00:14]} Ke7 {[%emt 0:00:07]} 31. Rf4 {[%emt 0:00:34]} Rhd8+ {[%emt 0:02:35]} 32. Ke3 {[%emt 0:01:23]} Rd1 {[%emt 0:03:32]} 33. Ree4 {[%emt 0:03:56]} Ra1 {[%emt 0:05:39]} 34. Nb3 {[%emt 0:01:48]} Rb1 {[%emt 0:04:33]} 35. Rxb4 {[%emt 0:03:03]} Rxb2 {[%emt 0:00:07]} 36. Nd2 {[%emt 0:03:57]} Rc3+ {[%emt 0:00:26]} 37. Ke2 {[%emt 0:00:01]} Rxb4 {[%emt 0:07:00]} 38. Rxb4 {[%emt 0:00:02]} Rg3 {[%emt 0:00:08]} 39. g5 {[%emt 0:01:38]} Rg4 {[%emt 0:00:15]} 40. Rb7+ {[%emt 0:01:44]} Kf8 {[%emt 0:00:06]} 41. Ra7 {[%emt 0:00:35]} Rxh4 {[%emt 0:02:33]} 42. Rxa6 {[%emt 0:00:09]} Rh5 {[%emt 0:00:22]} 43. Ra5 {[%emt 0:00:16]} Kg7 {[%emt 0:00:05]} 44. Kf2 {[%emt 0:01:04]} Kg6 {[%emt 0:03:05]} 45. Nf3 {[%emt 0:00:12]} Rh1 {[%emt 0:00:34]} 46. Kg3 {[%emt 0:01:03]} Rd1 {[%emt 0:00:19]} 47. Nh4+ {[%emt 0:00:57]} Kg7 {[%emt 0:00:07]} 48. Nf5+ {[%emt 0:00:35]} Bxf5 {[%emt 0:00:37]} 49. Rxf5 {[%emt 0:00:02]} Kg6 {[%emt 0:00:46]} 50. Rf6+ {[%emt 0:00:10]} Kg7 {[%emt 0:00:09]} 51. Rf5 {[%emt 0:00:04]} Kg6 {[%emt 0:00:06]} 52. Rf6+ {[%emt 0:00:02]} Kxg5 {[%emt 0:00:17]} 53. Rxf7 {[%emt 0:00:02]} 1/2-1/2

[Event "Belt Road Women 2019"]
[Site "Shaoxing"]
[Date "2019.07.11"]
[Round "4.3"]
[White "Girya, Olga"]
[Black "Kosteniuk, Alexandra"]
[Result "1/2-1/2"]
[WhiteElo "2457"]
[BlackElo "2517"]
[Annotator "ChessBase"]
[PlyCount "137"]
[EventDate "2019.07.08"]
[EventType "swiss"]
[EventCountry "CHN"]
[SourceTitle "playchess.com"]
[Source "ChessBase"]
[SourceQuality "1"]
[TimeControl "5400+30"]

1. d4 {[%emt 0:00:00]} d5 {[%emt 0:00:00]} 2. c4 {[%emt 0:00:27]} c6 {[%emt 0:00:00]} 3. Nc3 {[%emt 0:05:42]} dxc4 {[%emt 0:00:06]} 4. e3 {[%emt 0:05:17]} b5 {[%emt 0:00:37]} 5. a4 {[%emt 0:00:07]} b4 {[%emt 0:00:18]} 6. Ne4 {[%emt 0:00:19]} Qd5 {[%emt 0:00:25]} 7. Nd2 {[%emt 0:01:32]} c3 {[%emt 0:00:34]} 8. bxc3 bxc3 {[%emt 0:00:03]} 9. Nb1 {[%emt 0:00:16]} Qa5 {[%emt 0:00:53]} 10. Qc2 {[%emt 0:05:02]} Na6 {[%emt 0:00:44]} 11. Qxc3 {[%emt 0:03:35]} Nb4 {[%emt 0:00:20]} 12. Bd2 {[%emt 0:02:43]} e6 {[%emt 0:00:22]} 13. Nf3 {[%emt 0:03:28]} Nf6 {[%emt 0:00:21]} 14. Bc4 {[%emt 0:00:39]} Be7 {[%emt 0:01:23]} 15. O-O {[%emt 0:00:57]} O-O {[%emt 0:00:05]} 16. Rc1 {[%emt 0:03:26]} Bb7 {[%emt 0:12:45]} 17. Qb3 {[%emt 0:02:56]} c5 {[%emt 0:03:21]} 18. dxc5 {[%emt 0:12:13]} Qxc5 {[%emt 0:09:50]} 19. Be2 {[%emt 0:18:59]} Qd6 {[%emt 0:03:41]} 20. Na3 {[%emt 0:02:24]} a5 {[%emt 0:03:39]} 21. Nb5 {[%emt 0:02:23]} Qd8 {[%emt 0:15:32]} 22. Bc3 {[%emt 0:04:58]} Ne4 {[%emt 0:03:02]} 23. Bd4 {[%emt 0:02:00]} Bf6 {[%emt 0:02:02]} 24. Qb2 {[%emt 0:02:39]} Bxd4 {[%emt 0:02:30]} 25. Qxd4 {[%emt 0:00:03]} Rc8 {[%emt 0:01:04]} 26. Qxd8 {[%emt 0:02:20]} Rfxd8 {[%emt 0:00:13]} 27. Nfd4 {[%emt 0:01:01]} Bd5 {[%emt 0:11:01]} 28. f3 {[%emt 0:01:23]} Nd2 {[%emt 0:00:14]} 29. Rxc8 {[%emt 0:03:01]} Rxc8 {[%emt 0:00:03]} 30. Rd1 {[%emt 0:01:55]} Nb3 {[%emt 0:01:40]} 31. e4 {[%emt 0:02:42]} Nxd4 {[%emt 0:00:10]} 32. Rxd4 {[%emt 0:01:49]} Bb3 {[%emt 0:00:32]} 33. Bd1 {[%emt 0:03:34]} e5 {[%emt 0:01:56]} 34. Rd6 {[%emt 0:00:50]} Be6 {[%emt 0:09:51]} 35. Nc7 {[%emt 0:01:11]} Ba2 {[%emt 0:00:11]} 36. Be2 {[%emt 0:01:09]} Kf8 {[%emt 0:01:07]} 37. Rd7 {[%emt 0:01:30]} Nc6 {[%emt 0:00:06]} 38. Bb5 {[%emt 0:01:38]} Nd4 {[%emt 0:01:40]} 39. Kf2 {[%emt 0:01:09]} Bb3 {[%emt 0:00:14]} 40. f4 {[%emt 0:00:51]} Nxb5 {[%emt 0:01:34]} 41. axb5 {[%emt 0:00:33]} a4 {[%emt 0:00:25]} 42. b6 {[%emt 0:01:14]} Rb8 {[%emt 0:01:47]} 43. fxe5 {[%emt 0:00:51]} Rxb6 {[%emt 0:04:35]} 44. Rd8+ {[%emt 0:00:11]} Ke7 {[%emt 0:00:04]} 45. Ra8 {[%emt 0:00:02]} Kd7 {[%emt 0:02:11]} 46. Nd5 {[%emt 0:00:23]} Re6 {[%emt 0:00:35]} 47. Nc3 {[%emt 0:01:20]} Rxe5 {[%emt 0:02:07]} 48. Nxa4 {[%emt 0:00:05]} Bc2 {[%emt 0:00:29]} 49. Ra7+ {[%emt 0:00:11]} Ke8 {[%emt 0:00:27]} 50. Ra8+ {[%emt 0:00:44]} Ke7 {[%emt 0:00:14]} 51. Ra7+ {[%emt 0:00:11]} Kf6 {[%emt 0:00:47]} 52. Nc3 {[%emt 0:01:08]} Bxe4 {[%emt 0:00:23]} 53. Nxe4+ {[%emt 0:00:06]} Rxe4 {[%emt 0:00:03]} 54. Kf3 {[%emt 0:00:07]} Re6 {[%emt 0:00:17]} 55. g4 {[%emt 0:00:56]} g5 {[%emt 0:00:18]} 56. Ra5 {[%emt 0:00:21]} Rb6 {[%emt 0:00:12]} 57. h3 {[%emt 0:00:52]} Kg6 {[%emt 0:00:07]} 58. Ra8 {[%emt 0:00:26]} Rb3+ {[%emt 0:01:01]} 59. Kg2 {[%emt 0:00:02]} Rb4 {[%emt 0:00:07]} 60. Ra6+ {[%emt 0:01:02]} f6 {[%emt 0:00:05]} 61. Kg3 {[%emt 0:00:11]} Rb1 {[%emt 0:01:44]} 62. Rc6 {[%emt 0:00:36]} Rf1 {[%emt 0:00:05]} 63. Kg2 {[%emt 0:00:24]} Rf4 {[%emt 0:00:04]} 64. Kg3 {[%emt 0:00:14]} h5 {[%emt 0:00:05]} 65. gxh5+ {[%emt 0:00:23]} Kxh5 {[%emt 0:00:02]} 66. h4 {[%emt 0:00:49]} Rg4+ {[%emt 0:02:07]} 67. Kf3 {[%emt 0:00:10]} gxh4 {[%emt 0:02:19]} 68. Rxf6 {[%emt 0:00:04]} Rg8 {[%emt 0:00:07]} 69. Rf5+ {[%emt 0:00:40]} 1/2-1/2

[Event "Belt Road Women 2019"]
[Site "Shaoxing"]
[Date "2019.07.11"]
[Round "4.4"]
[White "Dzagnidze, Nana"]
[Black "Soumya, Swaminathan"]
[Result "1/2-1/2"]
[WhiteElo "2511"]
[BlackElo "2402"]
[Annotator "TA"]
[PlyCount "82"]
[EventDate "2019.07.08"]
[EventType "swiss"]
[EventCountry "CHN"]
[SourceTitle "playchess.com"]
[Source "ChessBase"]
[SourceQuality "1"]

{[%evp 20,82,38,30,50,35,41,37,38,39,49,37,41,29,26,26,41,38,38,47,31,42,43,41,41,30,28,32,40,40,57,50,54,52,43,42,27,31,35,30,68,64,111,0,0,-8,-16,-16,-6,-8,-16,-38,-7,-8,0,-20,-21,-40,0,0,0,-72,0,0,0]} 1. e4 c5 2. Nf3 Nc6 3. Bb5 d6 4. O-O Bd7 5. c3 Nf6 6. Re1 a6 7. Bf1 Bg4 8. h3 Bxf3 9. Qxf3 g6 10. d3 Bg7 11. Be3 Nd7 {B51: Sicilian: Moscow Variation (3 Bb5+) without 3...Bd7} (11... O-O 12. Nd2 Nd7 13. Qd1 b5 14. Nf3 Nb6 15. Qd2 Na4 16. Rac1 Re8 17. b3 Nb6 18. d4 Nd7 19. d5 {0-1 (58) Kovalev,V (2639)-Mamedov,R (2709) Riadh 2017}) 12. Qd1 Qb6 13. Qd2 O-O {White is slightly better.} 14. Na3 Qa5 $146 ({Predecessor:} 14... Rac8 15. Rab1 Qa5 16. Nc4 Qc7 17. Bg5 e6 18. Bf4 Nde5 19. Bh2 {½-½ (34) Jenni,F (2439)-Vogt,L (2422) Switzerland 2018}) 15. Nc4 Qc7 16. d4 b5 17. Na3 b4 18. Nc4 Rfb8 19. Rac1 bxc3 20. bxc3 Na5 21. h4 h5 22. Bf4 Nxc4 23. Bxc4 Qa5 24. e5 dxe5 25. dxe5 Nb6 26. Bxf7+ Kxf7 27. e6+ {[%mdl 64] Discovered Attack} Kg8 28. Bxb8 Rxb8 29. Qg5 $1 {[%csl LRe7,LRg6][%mdl 64] Double Attack} Kh7 30. Qxe7 Nd5 {[#]} 31. Qd6 ({White should try} 31. Qg5 $1 $16 {[%cal Rg5d5]} Qxa2 32. Rcd1) 31... Rd8 $36 {[%mdl 2048] White is under pressure.} 32. Qc6 Ne7 33. Qb7 Bf6 34. g3 Qxa2 35. Re3 Rd6 36. Rce1 Qd5 37. Qb8 {Strongly threatening Qf8.} Rd8 38. Qb6 Rd6 39. Qb8 {Hoping for Qf8.} Rd8 (39... Bg7 $11) 40. Qb6 $17 {[#]} Rd6 (40... Ra8 $1 $17) 41. Qb8 $11 {Threatens to win with Qf8.} Rd8 {Accuracy: White = 72%, Black = 72%.} 1/2-1/2

[Event "Belt Road Women 2019"]
[Site "Shaoxing"]
[Date "2019.07.11"]
[Round "4.5"]
[White "Ushenina, Anna"]
[Black "Tan, Zhongyi"]
[Result "1/2-1/2"]
[WhiteElo "2448"]
[BlackElo "2511"]
[Annotator "ChessBase"]
[PlyCount "150"]
[EventDate "2019.07.08"]
[EventType "swiss"]
[EventCountry "CHN"]
[SourceTitle "playchess.com"]
[Source "ChessBase"]
[SourceQuality "1"]
[TimeControl "5400+30"]

1. d4 {[%emt 0:00:00]} Nf6 {[%emt 0:00:33]} 2. c4 {[%emt 0:01:43]} e6 {[%emt 0:00:00]} 3. Nf3 {[%emt 0:00:08]} d5 {[%emt 0:00:00]} 4. g3 {[%emt 0:00:05]} Be7 {[%emt 0:00:00]} 5. Bg2 {[%emt 0:00:14]} O-O {[%emt 0:00:06]} 6. O-O {[%emt 0:00:16]} dxc4 {[%emt 0:00:04]} 7. Qa4 {[%emt 0:00:08]} a6 {[%emt 0:02:34]} 8. Qxc4 {[%emt 0:00:05]} b5 {[%emt 0:00:10]} 9. Qc2 {[%emt 0:00:12]} Bb7 {[%emt 0:00:07]} 10. Bd2 {[%emt 0:00:09]} Be4 {[%emt 0:00:13]} 11. Qc1 {[%emt 0:01:08]} c6 {[%emt 0:00:11]} 12. Rd1 {[%emt 0:14:25]} Bxf3 {[%emt 0:10:50]} 13. Bxf3 {[%emt 0:00:10]} Qxd4 {[%emt 0:00:28]} 14. Bc3 {[%emt 0:18:20]} Qb6 {[%emt 0:02:38]} 15. Bd4 {[%emt 0:01:18]} Qc7 {[%emt 0:02:32]} 16. a4 {[%emt 0:09:19]} e5 {[%emt 0:06:17]} 17. Be3 {[%emt 0:05:22]} e4 {[%emt 0:00:24]} 18. Bg2 {[%emt 0:00:05]} Nbd7 {[%emt 0:00:22]} 19. Nd2 {[%emt 0:10:15]} Qe5 {[%emt 0:00:14]} 20. Nxe4 {[%emt 0:03:17]} Nxe4 {[%emt 0:06:10]} 21. Rxd7 {[%emt 0:00:04]} Bf6 {[%emt 0:10:39]} 22. Rb1 {[%emt 0:09:52]} Qe6 {[%emt 0:02:37]} 23. Rc7 {[%emt 0:00:58]} Rfc8 {[%emt 0:01:05]} 24. Qxc6 {[%emt 0:03:28]} Qxc6 {[%emt 0:02:23]} 25. Rxc6 {[%emt 0:00:01]} Rxc6 {[%emt 0:00:11]} 26. Bxe4 {[%emt 0:00:02]} Rac8 {[%emt 0:00:10]} 27. Bxc6 {[%emt 0:00:04]} Rxc6 {[%emt 0:00:03]} 28. axb5 {[%emt 0:00:10]} axb5 {[%emt 0:00:05]} 29. Ra1 {[%emt 0:02:51]} h6 {[%emt 0:01:56]} 30. Ra8+ {[%emt 0:00:16]} Kh7 {[%emt 0:00:05]} 31. Rb8 {[%emt 0:00:26]} Bxb2 {[%emt 0:00:38]} 32. Rxb5 {[%emt 0:00:04]} Bf6 {[%emt 0:01:10]} 33. Rb7 {[%emt 0:00:06]} Kg8 {[%emt 0:00:53]} 34. Kg2 {[%emt 0:00:17]} g5 {[%emt 0:00:44]} 35. Rb6 {[%emt 0:00:17]} Rxb6 {[%emt 0:00:13]} 36. Bxb6 {[%emt 0:00:01]} Kg7 {[%emt 0:01:48]} 37. Kf3 {[%emt 0:00:19]} Kg6 {[%emt 0:02:53]} 38. Ke4 {[%emt 0:01:44]} h5 {[%emt 0:06:22]} 39. h3 {[%emt 0:00:22]} Bb2 {[%emt 0:00:48]} 40. Bd4 {[%emt 0:01:45]} Bc1 {[%emt 0:02:52]} 41. f3 {[%emt 0:01:55]} Bd2 {[%emt 0:01:09]} 42. Bf2 {[%emt 0:04:45]} Bc1 {[%emt 0:05:52]} 43. Ke5 {[%emt 0:01:15]} Bd2 {[%emt 0:01:33]} 44. e4 {[%emt 0:01:44]} Bc3+ {[%emt 0:00:13]} 45. Kd5 {[%emt 0:00:27]} Bd2 {[%emt 0:00:08]} 46. Kd4 {[%emt 0:01:41]} Ba5 {[%emt 0:00:11]} 47. Kd5 {[%emt 0:04:27]} Bc7 {[%emt 0:01:59]} 48. Be1 {[%emt 0:03:02]} Bb8 {[%emt 0:00:07]} 49. Kc6 {[%emt 0:02:22]} Be5 {[%emt 0:00:07]} 50. Kd5 {[%emt 0:01:25]} Bb8 {[%emt 0:00:09]} 51. Kd4 {[%emt 0:00:40]} Bc7 {[%emt 0:00:09]} 52. Ke3 {[%emt 0:00:04]} Bb6+ {[%emt 0:00:13]} 53. Ke2 {[%emt 0:00:06]} Bc7 {[%emt 0:00:10]} 54. Kf2 {[%emt 0:00:03]} Bb6+ {[%emt 0:02:03]} 55. Kg2 {[%emt 0:00:06]} Be3 {[%emt 0:01:44]} 56. Kf1 {[%emt 0:00:18]} Bb6 {[%emt 0:01:13]} 57. Bd2 {[%emt 0:00:59]} Bc7 {[%emt 0:00:20]} 58. Kf2 {[%emt 0:00:08]} f5 {[%emt 0:05:31]} 59. g4 {[%emt 0:01:13]} hxg4 {[%emt 0:00:06]} 60. hxg4 {[%emt 0:00:04]} fxg4 {[%emt 0:00:58]} 61. fxg4 {[%emt 0:00:02]} Bd8 {[%emt 0:00:08]} 62. Ke2 {[%emt 0:02:27]} Kf7 {[%emt 0:00:07]} 63. Kd3 {[%emt 0:00:20]} Ke6 {[%emt 0:00:05]} 64. Bc3 {[%emt 0:00:05]} Be7 {[%emt 0:00:04]} 65. Kc4 {[%emt 0:00:09]} Bd8 {[%emt 0:00:05]} 66. Kc5 {[%emt 0:00:15]} Be7+ {[%emt 0:00:17]} 67. Kc6 {[%emt 0:00:25]} Bd8 {[%emt 0:00:04]} 68. Bd4 {[%emt 0:00:31]} Ba5 {[%emt 0:00:17]} 69. Kb7 {[%emt 0:00:38]} Bd8 {[%emt 0:00:06]} 70. Kc8 {[%emt 0:00:14]} Bf6 {[%emt 0:00:43]} 71. Be3 {[%emt 0:00:31]} Ke5 {[%emt 0:00:10]} 72. Bxg5 {[%emt 0:00:11]} Bxg5 {[%emt 0:00:07]} 73. Kd7 {[%emt 0:00:02]} Kxe4 {[%emt 0:00:10]} 74. Ke6 {[%emt 0:00:02]} Kf4 {[%emt 0:00:06]} 75. Kd5 {[%emt 0:00:02]} Kxg4 {[%emt 0:00:06]} 1/2-1/2